| 000 | 00000nas##2200000za#4500 |
|---|---|
| 001 | 9.507269 |
| 003 | CaOODSP |
| 005 | 20200325093704 |
| 007 | cr ||||||||||| |
| 008 | 150406c2009||||xxc|| p o||||f| |0eng|d |
| 022 | |a1925-279X |
| 040 | |aCaOODSP|beng |
| 043 | |an-cn--- |
| 086 | 1 |aA71-34E-PDF |
| 110 | 1 |aCanada. |bAgriculture and Agri-Food Canada. |
| 245 | 12|aA snapshot of the Canadian fruit industry |h[electronic resource] |
| 260 | |aOttawa - Ontario : |bAgriculture and Agri-Food Canada |
| 310 | |aAnnual |
| 362 | 1 |a[2009]-- |
| 775 | 08|tUn aperçu de l'industrie fruitière du Canada |w(CaOODSP)9.503658 |